Sankcie v obkľúčení energetickej spolupráce Európskej únie a Ruskej federácie
Analýza protekcionizmu a medzinárodných sankcií v kontexte vývoja vzájomných vzťahov medzi Európskou úniou a Ruskou federáciou. Tendencie obchodných vzťahov z hľadiska komoditnej štruktúry. Postavenie minerálnych palív v hospodárstve Ruskej federácie a zároveň vzájomnej interdependencie s EÚ z persp...
Gespeichert in:
| 1. Verfasser: | |
|---|---|
| Format: | Buchkapitel |
| Sprache: | Slowakisch |
| Schlagworte: | |
| Tags: |
Keine Tags, Fügen Sie das erste Tag hinzu!
|
MARC
| LEADER | 00000naa$a2200000$$$4500 | ||
|---|---|---|---|
| 001 | 0260331 | ||
| 005 | 20240502074124.2 | ||
| 041 | 0 | |a slo | |
| 044 | |a SK | ||
| 245 | 1 | 0 | |a Sankcie v obkľúčení energetickej spolupráce Európskej únie a Ruskej federácie |c Anabela Luptáková |
| 520 | |a Analýza protekcionizmu a medzinárodných sankcií v kontexte vývoja vzájomných vzťahov medzi Európskou úniou a Ruskou federáciou. Tendencie obchodných vzťahov z hľadiska komoditnej štruktúry. Postavenie minerálnych palív v hospodárstve Ruskej federácie a zároveň vzájomnej interdependencie s EÚ z perspektívy strategického partnerstva. Využitie lineárneho modelu. | ||
| 610 | 2 | 0 | |a partnerstvo strategické |
| 610 | 2 | 0 | |a sankcie |
| 610 | 2 | 0 | |a energetika |
| 610 | 2 | 0 | |a spolupráca hospodárska medzinárodná |
| 610 | 2 | 0 | |a vzťahy obchodné |
| 610 | 2 | 0 | |a Európska únia |
| 610 | 2 | 0 | |a Rusko |
| 100 | 1 | |a Luptáková, Anabela, 1995- | |